000 00291nam a22001337a 4500
008 170530b xxu||||| |||| 00| 0 eng d
020 _a9780691000503
041 _aeng
080 _a93
100 _a17
101 _aSHH
245 _aMODERN GREEK LESSONS
_cFAUBION, J.D
942 _2udc
_cBK
999 _c15050
_d15050